| 000 | 00852nam a2200193 i 4500 | ||
|---|---|---|---|
| 001 | 35532 | ||
| 003 | ES-MaACL | ||
| 005 | 20230906155140.0 | ||
| 007 | t| | ||
| 008 | 030213m19031907fr ||||1| fre d | ||
| 080 | _a932"-0332/-0030" | ||
| 100 | 1 |
_aBouché-Leclercq, Auguste. _930831 |
|
| 245 | 1 | 0 |
_aHistoire des Lagides / _cpar A. Bouche-Leclercq. |
| 260 |
_aParís : _bErnest Leroux, _c1903-07 ( _fRegis Marchessou) |
||
| 300 |
_a4 v. ; _c25 cm. |
||
| 505 | 8 | _aContiene: T. I: Les cinq premiers Ptolémées (323-181 avant J.-C.). -- T. II: Décadence et fin de la dynastie (181-30 avant J.-C.). -- T. III: Les Institutions de l'Egypte Ptolémaique, première partie -- T. IV: Les Institutions de l'Egypte Ptolémaique, suite et fin. Addenda et index général | |
| 651 | 4 |
_aEgipto- _xHistoria- _y332-30 a.C. _9147641 |
|
| 852 |
_aES-MaACL _jF-1417-20 |
||
| 999 |
_c35532 _d35532 |
||